SIRI directory of industries in India (Record no. 38924)
[ view plain ]
| 000 -LEADER | |
|---|---|
| fixed length control field | 00298nam a2200109Ia 4500 |
| 082 ## - DEWEY DECIMAL CLASSIFICATION NUMBER | |
| Classification number | 338.45(058) |
| Item number | SIR |
| 245 #0 - TITLE STATEMENT | |
| Title | SIRI directory of industries in India |
| 250 ## - EDITION STATEMENT | |
| Edition statement | Ed.2 |
| 260 ## - PUBLICATION, DISTRIBUTION, ETC. (IMPRINT) | |
| Place of publication | Delhi |
| Name of publisher | Small Industry Research Institute |
| Year of publication | 1983 |
| 942 ## - ADDED ENTRY ELEMENTS (KOHA) | |
| Koha item type | Books |
| Withdrawn status | Lost status | Damaged status | Not for loan | Home library | Current library | Date acquired | Source of acquisition | Full call number | Accession Number | Koha item type |
|---|---|---|---|---|---|---|---|---|---|---|
| RRII Library | RRII Library | 16/12/2021 | Auction | 338.45(058) SIR | 19275 | Books |